ARRUPE JESUIT UNIVERSITY

CORONAVIRUS -STOP THE SPREAD - CLEAN,DISINFECT,COVER

Ogoni's agonies : (Record no. 126289)

MARC details
000 -LEADER
fixed length control field 01765cam a2200421 a 4500
001 - CONTROL NUMBER
control field 4506595
003 - CONTROL NUMBER IDENTIFIER
control field ARRUPE
005 - DATE AND TIME OF LATEST TRANSACTION
control field 20170316094843.0
008 - FIXED-LENGTH DATA ELEMENTS--GENERAL INFORMATION
fixed length control field 980427s1998 nju b 001 0 eng
010 ## - LIBRARY OF CONGRESS CONTROL NUMBER
LC control number 98022493
020 ## - INTERNATIONAL STANDARD BOOK NUMBER
International Standard Book Number 0865436460 (hb)
020 ## - INTERNATIONAL STANDARD BOOK NUMBER
International Standard Book Number 0865436479 (pb)
040 ## - CATALOGING SOURCE
Original cataloging agency DLC
Transcribing agency DLC
Modifying agency DLC
043 ## - GEOGRAPHIC AREA CODE
Geographic area code f-nr---
050 00 - LIBRARY OF CONGRESS CALL NUMBER
Classification number DT515.45.O33
Item number O48 1998
082 00 - DEWEY DECIMAL CLASSIFICATION NUMBER
Classification number 966.905/3
Edition number 21
300 ## - PHYSICAL DESCRIPTION
Dimensions 23 cm.
245 00 - TITLE STATEMENT
Title Ogoni's agonies :
Remainder of title Ken Saro-Wiwa and the crisis in Nigeria /
Statement of responsibility, etc edited by Abdul-Rasheed NaʼAllah ;
260 ## - PUBLICATION, DISTRIBUTION, ETC. (IMPRINT)
Place of publication, distribution, etc Trenton, NJ :
Name of publisher, distributor, etc Africa World Press,
Date of publication, distribution, etc c1998.
300 ## - PHYSICAL DESCRIPTION
Extent xxxii, 388 p. ;
504 ## - BIBLIOGRAPHY, ETC. NOTE
Bibliography, etc Includes bibliographical references (p. [363]-377) and index.
600 20 - SUBJECT ADDED ENTRY--PERSONAL NAME
Personal name Saro-Wiwa, Ken,
Dates associated with a name 1941-
General subdivision Assassination.
9 (RLIN) 29397
600 20 - SUBJECT ADDED ENTRY--PERSONAL NAME
Personal name Saro-Wiwa, Ken,
Dates associated with a name 1941-
General subdivision Political and social views.
9 (RLIN) 29398
650 #0 - SUBJECT ADDED ENTRY--TOPICAL TERM
Topical term or geographic name as entry element Ogoni (African people)
General subdivision History.
9 (RLIN) 29399
650 #0 - SUBJECT ADDED ENTRY--TOPICAL TERM
Topical term or geographic name as entry element Ogoni (African people)
General subdivision Crimes against.
9 (RLIN) 29400
650 #0 - SUBJECT ADDED ENTRY--TOPICAL TERM
Topical term or geographic name as entry element Ogoni (African people)
General subdivision Government relations.
9 (RLIN) 29401
650 #0 - SUBJECT ADDED ENTRY--TOPICAL TERM
Topical term or geographic name as entry element Genocide
Geographic subdivision Nigeria.
9 (RLIN) 29402
650 #0 - SUBJECT ADDED ENTRY--TOPICAL TERM
Topical term or geographic name as entry element International business enterprises
Geographic subdivision Nigeria.
9 (RLIN) 29403
651 #0 - SUBJECT ADDED ENTRY--GEOGRAPHIC NAME
Geographic name Nigeria
General subdivision Politics and government
Chronological subdivision 1984-1993.
9 (RLIN) 29404
651 #0 - SUBJECT ADDED ENTRY--GEOGRAPHIC NAME
Geographic name Nigeria
General subdivision Politics and government
Chronological subdivision 1993-2007.
9 (RLIN) 13505
651 #0 - SUBJECT ADDED ENTRY--GEOGRAPHIC NAME
Geographic name Nigeria
General subdivision Social conditions.
9 (RLIN) 29405
651 #0 - SUBJECT ADDED ENTRY--GEOGRAPHIC NAME
Geographic name Nigeria
General subdivision In literature.
9 (RLIN) 3824
700 1# - ADDED ENTRY--PERSONAL NAME
Personal name Naʼallah, Abdul Rasheed.
9 (RLIN) 29406
906 ## - LOCAL DATA ELEMENT F, LDF (RLIN)
a 7
b cbc
c orignew
d 1
e ocip
f 19
g y-gencatlg
942 ## - ADDED ENTRY ELEMENTS (KOHA)
Source of classification or shelving scheme Library of Congress Classification
Koha item type Monograph ( Printed materials)
Holdings
Withdrawn status Lost status Source of classification or shelving scheme Damaged status Not for loan Collection code Home library Current library Shelving location Date acquired Total Checkouts Full call number Barcode Date last seen Price effective from Koha item type
    Library of Congress Classification     Main Collection ARRUPE LIBRARY ARRUPE LIBRARY Main Collection 16/03/2017   DT515.45.O33 O48 1998 46500025565 07/12/2017 16/03/2017 Monograph ( Printed materials)

 

Arrupe Library. PO Box MP320 Mt Pleasant, Harare, Zimbabwe
263 242 745411|librarian@aju.ac.zw